[Event "XXXI Open"]
[Site "Mar del Plata ARG"]
[Date "2000.04.18"]
[Round "4"]
[White "Felgaer,R"]
[Black "Geloso,C"]
[Result "1/2-1/2"]
[WhiteElo "2375"]
[BlackElo "2271"]

1.e4 d6 2.d4 g6 3.Nc3 Bg7 4.f4 Nf6 5.Nf3 O-O 6.Bd3 Bg4 7.e5 Nfd7 8.h3 Bxf3
9.Qxf3 Nc6 10.Be3 e6 11.O-O-O d5 12.h4 Nb4 13.h5 Nxd3+ 14.Rxd3 Re8 15.hxg6 hxg6
16.g4 f6 17.Rd2 c6 18.Rdh2 Qe7 19.Qh3 Kf7 20.f5 Rh8 21.fxg6+ Kxg6 22.Qf1 Rxh2
23.Rxh2 fxe5 24.dxe5 Rh8  1/2-1/2

[Event "Millennium Masters"]
[Site "Oakham ENG"]
[Date "2000.04.18"]
[Round "8"]
[White "McDonald,N"]
[Black "McNab,C"]
[Result "1/2-1/2"]
[WhiteElo "2438"]
[BlackElo "2424"]

1.e4 g6 2.d4 d6 3.Nc3 Bg7 4.Nf3 Nf6 5.Be2 O-O 6.O-O Bg4 7.h3 Bxf3 8.Bxf3 e5
9.dxe5 dxe5 10.Qxd8 Rxd8 11.Bg5 c6 12.Rad1 Na6 13.Rxd8+ Rxd8 14.a3 Nc5  1/2-1/2

[Event "XVIII Open"]
[Site "Metz FRA"]
[Date "2000.04.19"]
[Round "5"]
[White "Aleksieva,S"]
[Black "Bogdanovski,V"]
[Result "1/2-1/2"]
[WhiteElo "2325"]
[BlackElo "2479"]

1.e4 d6 2.d4 g6 3.Nc3 Bg7 4.Be3 c6 5.Qd2 b5 6.Bd3 Nd7 7.a4 b4 8.Nce2 a5 9.Nf3 Qc7
10.O-O Ngf6 11.Bh6 O-O 12.Bxg7 Kxg7 13.Ng3  1/2-1/2

[Event "53rd ch-YUG (women)"]
[Site "Herceg Novi YUG"]
[Date "2000.04.20"]
[Round "10"]
[White "Savic,Ma"]
[Black "Petrovic,Ma"]
[Result "0-1"]
[WhiteElo "2016"]
[BlackElo "2281"]

1.e4 g6 2.d4 Bg7 3.Nc3 d6 4.Nf3 c6 5.a4 Nf6 6.Be2 O-O 7.O-O a5 8.h3 Na6 9.Be3 h6
10.Qc1 Kh7 11.e5 Ne8 12.Rd1 d5 13.Nb1 Nec7 14.Nbd2 Ne6 15.Nb3 Nac7 16.g4 f5
17.exf6 exf6 18.Bd3 Ng5 19.Nh4 Nxh3+ 20.Kg2 Bxg4 21.Nxg6 Kg8 22.Nxf8 Qxf8
23.f3 Bc8 24.Rh1 Ng5 25.Qd2 b6 26.Bg6 Ne8 27.Rae1 Nd6 28.Bf4 Bd7 29.c3 Nc4
30.Qf2 Be8 31.Bxe8 Rxe8 32.Rxe8 Qxe8 33.Bxg5 hxg5 34.Re1 Qd7 35.Qg3 Nxb2
36.Qb8+ Kf7 37.Qxb6 Nd3 38.Rh1 Qe7 39.Nc1 Nf4+ 40.Kf2 Qd7 41.Qxa5 Qf5 42.Qa7+ Kg8
43.Qb8+ Kf7 44.Qb7+ Kg6 45.Qb2 g4 46.Kf1 g3 47.Rg1 Qh3+ 48.Ke1 g2 49.Ne2 Nd3+
50.Kd2 Bh6+  0-1

[Event "XVIII Open"]
[Site "Metz FRA"]
[Date "2000.04.20"]
[Round "6"]
[White "Galdunts,S"]
[Black "Nijboer,F"]
[Result "1/2-1/2"]
[WhiteElo "2473"]
[BlackElo "2540"]

1.e4 d6 2.d4 g6 3.Nc3 Bg7 4.Be3 c6 5.Qd2 b5 6.Bd3 Nf6 7.Bh6 Bxh6 8.Qxh6 e5
9.Nf3 Nbd7 10.h3 Bb7 11.dxe5 dxe5 12.O-O Ng8 13.Qe3 Ngf6 14.a4  1/2-1/2

[Event "XVIII Open"]
[Site "Metz FRA"]
[Date "2000.04.23"]
[Round "9"]
[White "Cooper,L"]
[Black "Bogdanovski,V"]
[Result "1/2-1/2"]
[WhiteElo "2338"]
[BlackElo "2479"]

1.e4 d6 2.d4 g6 3.Nc3 Bg7 4.Nf3 Nf6 5.h3 O-O 6.Be3 a6 7.a4 b6 8.Bc4 e6 9.O-O Bb7
10.d5 e5 11.Ne1 Nbd7 12.Nd3 Kh8 13.Qd2 Ng8 14.Rae1 Qe8 15.g3  1/2-1/2

[Event "Israeli League"]
[Site "Ramat Aviv ISR"]
[Date "2000.04.28"]
[Round "9"]
[White "Gofshtein,L"]
[Black "Labok,B"]
[Result "1/2-1/2"]
[WhiteElo "2580"]
[BlackElo "2380"]

1.d4 g6 2.e4 Bg7 3.Nc3 d6 4.Be3 Nf6 5.f3 c6 6.Qd2 h6 7.g4 Nbd7 8.Nge2 b5
9.h4 Nb6 10.b3 h5 11.g5 Nfd7 12.Bh3 b4 13.Nd1 c5 14.Nf2 a5 15.Rd1 Ba6 16.dxc5 dxc5
17.f4 Qc7 18.e5 Rd8 19.c4 bxc3 20.Qxc3 Bb7 21.Rg1 Nd5 22.Qc1 c4 23.Bd4 N7b6
24.Rg3 O-O 25.e6 Bxd4 26.Rxd4 Nb4 27.bxc4 Nxa2 28.Qe3 Nb4 29.exf7+ Kh7 30.Qc1 Rxd4
31.Nxd4 Rxf7 32.Ne6 Qb8 33.Nd3 Nd7 34.Nxb4 axb4 35.Rd3 Bc8 36.Qe3 Qa8 37.Kf2 Qa2+
38.Kg3 Qxc4 39.f5 Ne5 40.Rd4 Qc3 41.Re4 Bxe6 42.Rxe5 Bxf5 43.Bxf5 gxf5 44.Qxc3 f4+
45.Kf3 bxc3 46.Re6 Kg7 47.Rc6 e5 48.Rxc3 Ra7 49.Ke4 Rf7 50.Rf3 Re7 51.Rf1 Kf7
52.Kf5 Kg7 53.Rf2 Re8 54.Ke4 Kg6 55.Rb2 Re6 56.Ra2 f3 57.Rf2 Ra6 58.Kxf3 Kf5
59.Kg3+ Ke4 60.Rf6 Ra3+ 61.Kg2 Ra2+ 62.Kg3 Ra3+  1/2-1/2

[Event "Laskers"]
[Site "Berlin GER"]
[Date "2000.04.30"]
[Round "2"]
[White "Rabiega,R"]
[Black "Polzin,R"]
[Result "1/2-1/2"]
[WhiteElo "2477"]
[BlackElo "2464"]

1.e4 g6 2.d4 Bg7 3.Nc3 d6 4.Be3 a6 5.f4 Nd7 6.Nf3 b5 7.Bd3 c5 8.e5 Bb7 9.Be4 Bxe4
10.Nxe4 Nh6 11.dxc5 Ng4 12.Qe2 dxe5 13.c6 Nb8 14.f5 Nxc6 15.fxg6 hxg6 16.Nfg5 Qc8
17.O-O f6 18.Qd3 f5 19.Bb6 Nb4 20.Qb3 Qc4 21.Qxc4 bxc4 22.Ne6 Bh6 23.Nc7+ Kd7
24.Nxa8 fxe4 25.Rae1 Rxa8 26.Rxe4 Nf6 27.Rxe5 Nbd5 28.Bd4 Bf4 29.Re2 Bd6
30.Rf3 Rb8 31.Rd2 c3 32.bxc3 Rb1+ 33.Rf1 Bxh2+ 34.Kxh2 Rxf1 35.Bxf6 exf6
36.Rxd5+ Kc6 37.Ra5 Kb6 38.Rd5 Kc6 39.Ra5 Kb6 40.Rd5 Rf2 41.a4 Kc6 42.Ra5 Kb6
43.Rd5 Kc6  1/2-1/2

[Event "ch-EST"]
[Site "Tallinn EST"]
[Date "2000.04.30"]
[Round "2"]
[White "Zjukin,S"]
[Black "Kulaots,K"]
[Result "1/2-1/2"]
[WhiteElo "2391"]
[BlackElo "2499"]

1.e4 g6 2.d4 Bg7 3.Nc3 d6 4.Be3 a6 5.Qd2 b5 6.f3 Nd7 7.Nh3 c5 8.a4 b4 9.Nd1 Rb8
10.c3 bxc3 11.bxc3 cxd4 12.cxd4 Nc5 13.Ra3 Nb3 14.Qc3 Nc5 15.Nf4 e6 16.Be2 Ne7
17.O-O O-O 18.Qd2 Nb3 19.Qd3 Qb6 20.d5 Qb4 21.Ra2 exd5 22.Nf2 d4 23.Bc1 Nc5
24.Qd1 Qb1 25.Ra3 Bd7 26.N4d3 Qb6 27.Bf4 a5 28.Nxc5 Qxc5 29.Ra2 Rbc8 30.Nd3 Qb6
31.Qe1 Ra8 32.Qg3 d5 33.Bd6 Rfe8 34.Rb2 Qd8 35.Bc7 Qc8 36.Rc1 dxe4 37.fxe4 Bxa4
38.Bxa5 Qe6 39.Be1 Rec8 40.Ra1 Qc6 41.Rba2 Qe8 42.Qd6 Rd8 43.Qb4 Bc6 44.Rxa8 Bxa8
45.Bf3 Nc6 46.Qb5 Ne5 47.Qxe8+ Rxe8 48.Nxe5 Bxe5 49.Bd2 h5 50.Rd1 Kg7 51.Be1 Bc6
52.Bf2 Rd8 53.Rc1 Bb7 54.Rc5 f6 55.Bg3 Bxg3 56.hxg3 Bc8 57.Kf2 Kf7 58.Rc7+ Ke6
59.g4 h4 60.g5 f5 61.Rh7 Ke5 62.exf5 Bxf5 63.Rxh4 Rb8 64.Ke1 Rb2 65.Kd1 Ra2
66.Rh8 Kf4 67.Rd8 Ke3 68.Re8+ Kd3 69.Ke1 Kc3 70.g4 Bd3 71.Rc8+ Bc4 72.Bd5 Ra4
73.Rc6 d3 74.Bxc4 Rxc4 75.Ra6  1/2-1/2

[Event "ch-EST"]
[Site "Tallinn EST"]
[Date "2000.04.30"]
[Round "2"]
[White "Rytshagov,M"]
[Black "Svirjov,I"]
[Result "1-0"]
[WhiteElo "2542"]
[BlackElo "2346"]

1.e4 g6 2.d4 Bg7 3.Nc3 d6 4.f4 Nf6 5.Nf3 O-O 6.Bd3 Bg4 7.h3 Bxf3 8.Qxf3 Nc6
9.Be3 Nd7 10.Qf2 e5 11.dxe5 dxe5 12.f5 Nd4 13.O-O-O c6 14.g4 b5 15.g5 f6
16.h4 Nc5 17.h5 fxg5 18.hxg6 h6 19.Rxh6 Bxh6 20.Qh2 Nxd3+ 21.Rxd3 Rxf5 22.exf5 Qf8
23.f6 Qxf6 24.Qxh6 Rd8 25.Qxg5 Qf1+ 26.Nd1 Ne2+ 27.Kd2 Rxd3+ 28.cxd3 Nf4
29.Bxf4 exf4 30.Qh6  1-0

[Event "ch-EST"]
[Site "Tallinn EST"]
[Date "2000.04.30"]
[Round "2"]
[White "Cheutshenko,R"]
[Black "Kovaljov,D"]
[Result "1-0"]
[WhiteElo "2347"]
[BlackElo "2275"]

1.e4 g6 2.d4 Bg7 3.Nc3 d6 4.Bg5 c6 5.Qd2 b5 6.f4 Nf6 7.Bd3 Qb6 8.e5 b4 9.exf6 exf6
10.Ne4 fxg5 11.Nxd6+ Kd7 12.Nc4 Qxd4 13.Ne2 Qc5 14.fxg5 Rd8 15.Ng3 Ba6 16.O-O-O Ke7
17.Rhe1+ Kf8 18.Ne4 Qb5 19.Nf6 c5 20.Nxh7+ Kg8 21.Nf6+ Kf8 22.Qe3 Nc6 23.Ne5 Rxd3
24.Ned7+ Rxd7 25.Qe8+  1-0

[Event "VI Leonardo Di Bona"]
[Site "Cutro ITA"]
[Date "2000.05.02"]
[Round "6"]
[White "Aleksic,N1"]
[Black "Chatalbashev,B"]
[Result "0-1"]
[WhiteElo "2405"]
[BlackElo "2522"]

1.e4 g6 2.d4 Bg7 3.Nc3 d6 4.Bg5 c6 5.Qd2 b5 6.f4 Nf6 7.Bd3 O-O 8.Nf3 Bg4
9.e5 b4 10.Ne2 Bxf3 11.gxf3 Nd5 12.Bc4 Nd7 13.Bxd5 cxd5 14.exd6 f6 15.dxe7 Qxe7
16.Bh4 Rae8 17.Kf2 g5 18.Bg3 h5 19.h4 g4 20.fxg4 hxg4 21.f5 Qe4 22.Qd3 Bh6
23.Qxe4 Rxe4 24.Kf1 Nb6 25.Rg1 Rfe8 26.Nc1 Nc4 27.Bf2 Ne3+ 28.Bxe3 Bxe3  0-1

[Event "ch-EST"]
[Site "Tallinn EST"]
[Date "2000.05.02"]
[Round "4"]
[White "Sergejev,R"]
[Black "Svirjov,I"]
[Result "0-1"]
[WhiteElo "2377"]
[BlackElo "2346"]

1.e4 g6 2.d4 Bg7 3.Nc3 d6 4.g3 Nf6 5.Bg2 O-O 6.Nge2 c6 7.a4 a5 8.h3 Na6 9.O-O e5
10.Be3 Nb4 11.Qd2 Be6 12.b3 d5 13.exd5 Nfxd5 14.Nxd5 Bxd5 15.dxe5 Bxe5 16.Rad1 Bxg2
17.Kxg2 Qf6 18.f4 Rad8 19.fxe5 Rxd2 20.exf6 Rxe2+ 21.Kf3 Rxc2 22.Bh6 Rc8
23.Rd7 Nd5 24.Rxb7 Nxf6 25.Rc1 Rxc1 26.Bxc1 Nd5 27.Bd2 Kg7 28.Bxa5 Kf6 29.Bd2 Ke6
30.a5 Nc7 31.Ke4 f5+ 32.Kd4 Rd8+ 33.Kc4 Nb5 34.Be3 Nd6+  0-1

[Event "ch-EST (women)"]
[Site "Tallinn EST"]
[Date "2000.05.04"]
[Round "6"]
[White "Brokko,M"]
[Black "Pritulina,S"]
[Result "1-0"]
[WhiteElo "2157"]
[BlackElo "2046"]

1.e4 d6 2.d4 g6 3.Nc3 Bg7 4.Be3 c6 5.Qd2 b5 6.g3 Nd7 7.Nd1 Nb6 8.b3 Bd7 9.Rc1 Nf6
10.Bg2 Ng4 11.Ne2 O-O 12.O-O Rc8 13.f4 c5 14.dxc5 Nxe3 15.Nxe3 Rxc5 16.Nd5 f5
17.Kh1 fxe4 18.Nxb6 Qxb6 19.Bxe4 Rh5 20.c4 b4 21.Bf3 Rh6 22.c5 Qb8 23.Rfd1 Kh8
24.cxd6 e5 25.Rc4 exf4 26.Rxf4 g5 27.Rxf8+ Qxf8 28.Bg2 Qe8 29.Ng1 g4 30.Qxb4 Be5
31.Re1 Qh5 32.h4 gxh3 33.Qb8+ Kg7 34.Bd5 Rf6 35.Qd8 Bxg3 36.Qxd7+ Kh6 37.Bf3 Rxf3
38.Re6+ Kg5 39.Qg7+ Kh4 40.Rh6  1-0

[Event "Japfa Open"]
[Site "Bali INA"]
[Date "2000.05.05"]
[Round "3"]
[White "Antonio,R"]
[Black "Aray,A"]
[Result "1-0"]
[WhiteElo "2551"]
[BlackElo "2285"]

1.e4 d6 2.d4 g6 3.Nc3 Bg7 4.Be3 c6 5.Qd2 Nd7 6.f3 b5 7.h4 h5 8.Nh3 Bb7 9.a4 a6
10.Ng5 Ngf6 11.Be2 Qc7 12.Nd1 Rd8 13.Nf2 e5 14.axb5 cxb5 15.d5 Rc8 16.Rc1 Nb6
17.b3 Nfd7 18.Nd3 O-O 19.O-O Nc5 20.Nxc5 dxc5 21.c4 b4 22.g4 hxg4 23.fxg4 Qd6
24.Rf2 Rc7 25.Rcf1 Bc8 26.h5 f6 27.Ne6 Bxe6 28.dxe6 Qxe6 29.hxg6 Nc8 30.Qd5 Qxd5
31.exd5 Nd6 32.Ra1 Ra8 33.Ra5 Nb7 34.Ra4 a5 35.Bd3 Nd6 36.Rfa2 e4 37.Be2 f5
38.Bf4 Bd4+ 39.Kg2 Rd7 40.Rxa5 Rxa5 41.Rxa5 Kg7 42.Bxd6 Rxd6 43.gxf5 e3 44.Bd3  1-0

[Event "New York Open"]
[Site "New York USA"]
[Date "2000.05.06"]
[Round "4"]
[White "Anderson,R"]
[Black "Zlotnikov,M"]
[Result "1-0"]
[WhiteElo "2204"]
[BlackElo "2356"]

1.e4 g6 2.d4 Bg7 3.Nc3 d6 4.Bg5 c5 5.dxc5 Qa5 6.Qd2 Qxc5 7.Nd5 Bxb2 8.Rb1 Qa3
9.c3 h6 10.Be3 e6 11.Nc7+ Kd7 12.Nb5  1-0

[Event "Kastav"]
[Site "Opatija CRO"]
[Date "2000.05.07"]
[Round "3"]
[White "Nurkic,S"]
[Black "Jovanic,O"]
[Result "1-0"]
[WhiteElo "2418"]
[BlackElo "2332"]

1.e4 g6 2.d4 Bg7 3.Nc3 d6 4.f4 Nd7 5.Nf3 c5 6.Be3 Ngf6 7.dxc5 Qa5 8.Qd2 Nxc5
9.e5 Nfd7 10.Nd5 Qxd2+ 11.Nxd2 Ne6 12.exd6 exd6 13.Nc4 O-O 14.O-O-O Nb6 15.Ncxb6 axb6
16.a3 Ra4 17.g3 Nc5 18.Nxb6 Re4 19.Bf2 Ree8 20.Bb5 Rd8 21.Rhe1 Bf5 22.Bd4 h5
23.Re7 Bxd4 24.Rxd4 Kg7 25.b4 Ne6 26.Rd2 Be4 27.Nd7 Rh8 28.Rxd6 Bf5 29.Rd2 h4
30.g4 Bxg4 31.Ne5 Rxd2 32.Kxd2 Bf5 33.Rxf7+ Kh6 34.Rxb7 Rc8 35.Nf7+ Kh5 36.Be2+ Bg4
37.Ne5  1-0

[Event "3rd Open"]
[Site "Tanta City EGY"]
[Date "2000.05.09"]
[Round "6"]
[White "Dochev,D"]
[Black "Abou el Zein,E"]
[Result "1-0"]
[WhiteElo "2324"]
[BlackElo "2366"]

1.e4 d6 2.d4 g6 3.Nc3 Bg7 4.Be3 a6 5.f4 c6 6.Nf3 b5 7.Bd3 Nd7 8.Qe2 Nb6 9.a4 Bb7
10.O-O Nf6 11.a5 Nc8 12.e5 Nd7 13.Bf2 e6 14.Ne4 Qc7 15.b4 d5 16.Ned2 Ne7
17.g4 Bc8 18.Bg3 Qa7 19.Nb3 Nf8 20.Kg2 h6 21.c3 Bd7 22.Bh4 Bc8 23.Qc2 Nh7
24.Nc5 Nf8 25.Rae1 Rg8 26.Rf2 Qc7 27.Bg3 Qa7 28.Ref1 Nd7 29.Nb3 Nf8 30.h3 Bd7
31.Bh4 Bc8 32.Kh1 Qc7 33.Ne1 Nh7 34.Nc5 Bf8 35.Ng2 Rg7 36.Ne3 Ng8 37.f5 gxf5
38.gxf5 Bxc5 39.f6  1-0

[Event "ch-NED"]
[Site "Rotterdam NED"]
[Date "2000.05.10"]
[Round "4"]
[White "Van den Doel,E"]
[Black "Nijboer,F"]
[Result "0-1"]
[WhiteElo "2522"]
[BlackElo "2540"]

1.e4 d6 2.d4 g6 3.Nc3 Bg7 4.Be3 c6 5.Qd2 b5 6.a4 b4 7.Nd1 Nf6 8.Bd3 Ng4 9.Qxb4 Nd7
10.Nf3 O-O 11.O-O c5 12.Qd2 Nxe3 13.fxe3 Rb8 14.c3 e5 15.Bc4 Nb6 16.Bb5 a6
17.Be2 a5 18.Nf2 c4 19.Bd1 Be6 20.Qe2 h5 21.Bc2 Qe7 22.Rfb1 Qc7 23.Ng5 Bd7
24.Nfh3 Bh6 25.Kh1 Kg7 26.Nf3 Rfc8 27.Nhg1 Bc6 28.Nd2 Be8 29.Rc1 Qe7 30.b3 cxb3
31.Bxb3 Qg5 32.Nf1 exd4 33.cxd4 Rxc1 34.Rxc1 Nxa4 35.Nf3 Qb5 36.Bc4 Qb2 37.Qe1 Qb4
38.Qg3 Nc3 39.Bd3 a4 40.e5 Qa3 41.Re1 Rb6 42.Nh4 Nd5 43.Nf5+ Kf8 44.Nxh6 Qxd3
45.Qf3 Kg7 46.Qxd5 Kxh6 47.exd6 Qf5 48.Qa8 Qd7 49.Nd2 Rxd6 50.Nc4 Qc6 51.Qb8 Rf6
52.Qe5 Qe6 53.Qc5 Bc6 54.Ne5 Qf5 55.Rg1 Be4 56.Qf8+ Kh7 57.Qe7 Qf2 58.Nf3 Bxf3
59.gxf3 Qxf3+ 60.Rg2 Qf1+ 61.Rg1 Qf3+ 62.Rg2 Rb6  0-1

[Event "FSIM May"]
[Site "Budapest HUN"]
[Date "2000.05.13"]
[Round "8"]
[White "Kritz,L"]
[Black "Vadasz,L"]
[Result "1-0"]
[WhiteElo "2281"]
[BlackElo "2285"]

1.e4 g6 2.d4 Bg7 3.Nc3 d6 4.f4 Nf6 5.Nf3 O-O 6.Be2 Na6 7.O-O c5 8.d5 Nc7
9.Re1 Bg4 10.a4 b6 11.h3 Bxf3 12.Bxf3 Rb8 13.Nb5 Ra8 14.Nxc7 Qxc7 15.e5 Ne8
16.e6 fxe6 17.Rxe6 Bd4+ 18.Kh2 Ng7 19.Re2 Rae8 20.c3 Bf6 21.Bd2 Kh8 22.Qb3 c4
23.Qc2 a6 24.Rg1 b5 25.g4 e6 26.g5 Bd8 27.dxe6 Rxe6 28.Rxe6 Nxe6 29.Bd5 Ng7
30.Be3 Nf5 31.Bf2 Qb8 32.axb5 axb5 33.Ra1 Bb6 34.Ra8 Qxa8 35.Bxa8 Bxf2 36.Qxf2 Rxa8
37.Qb6 Re8 38.Qxb5 Re2+ 39.Kg1 Rd2 40.Qb8+ Kg7  1-0

[Event "FSIM May"]
[Site "Budapest HUN"]
[Date "2000.05.13"]
[Round "8"]
[White "Yu Mingyuan"]
[Black "Wolter,K"]
[Result "1-0"]
[WhiteElo "2419"]
[BlackElo "2356"]

1.d4 g6 2.e4 Bg7 3.Nc3 d6 4.f4 Nf6 5.Nf3 O-O 6.Bd3 c5 7.d5 Na6 8.O-O Nc7
9.a4 a6 10.Qe1 b6 11.Qh4 Rb8 12.f5 b5 13.axb5 axb5 14.Bh6 c4 15.Bxg7 Kxg7
16.Be2 gxf5 17.Ng5 h6 18.Rf3 Rh8 19.Rg3 Kf8 20.Rf1 Bd7 21.exf5 Ncxd5 22.Nxd5 Nxd5
23.Ne6+ Bxe6 24.fxe6 Nf6 25.exf7 Qb6+ 26.Kh1 Qc5 27.c3 Qe5 28.Bd1 Ra8 29.Qh3 Rh7
30.Bh5 Rg7 31.Bg6 Qf4 32.Re1 d5 33.Qe6 Qc7 34.Qxf6  1-0

[Event "ch-NED"]
[Site "Rotterdam NED"]
[Date "2000.05.14"]
[Round "7"]
[White "De Vreugt,D"]
[Black "Nijboer,F"]
[Result "1-0"]
[WhiteElo "2498"]
[BlackElo "2540"]

1.e4 d6 2.d4 g6 3.Nc3 Bg7 4.Be3 c6 5.Qd2 b5 6.Bd3 Nf6 7.h3 Nbd7 8.Nf3 O-O
9.O-O Bb7 10.e5 dxe5 11.dxe5 b4 12.Ne2 Nd5 13.Bh6 Nc5 14.Ng3 Nxd3 15.cxd3 Nc7
16.Bxg7 Kxg7 17.Qxb4 Rb8 18.Qc5 Ne6 19.Qe3 c5 20.b3 Bxf3 21.Qxf3 Rb4 22.Qe3 a5
23.Ne4 Rd4 24.Rad1 Qd7 25.f4 Rd8 26.Rf3 Kh8 27.Rd2 a4 28.g4 axb3 29.axb3 Qb7
30.f5 gxf5 31.gxf5 Ng7 32.Ng5 Rf8 33.Rg2 Qxb3 34.Nxh7 Kxh7 35.Rxg7+ Kxg7
36.Qg5+  1-0

[Event "ch-RUS Women"]
[Site "Elista RUS"]
[Date "2000.05.16"]
[Round "6"]
[White "Kharashkina,B"]
[Black "Mirzoeva,E"]
[Result "0-1"]
[WhiteElo "2090"]
[BlackElo "2258"]

1.e4 g6 2.d4 Bg7 3.Nc3 d6 4.Be3 Nf6 5.f3 c6 6.Qd2 b5 7.Bd3 a6 8.g4 e5 9.dxe5 dxe5
10.Nge2 Be6 11.Ng3 h5 12.g5 Ng8 13.O-O Nd7 14.a4 Ne7 15.Be2 O-O 16.Qd6 Re8
17.Rad1 Bf8 18.Qd2 b4 19.Nb1 c5 20.b3 Nc6 21.Qe1 Nd4 22.Bxd4 cxd4 23.h4 f6
24.Qd2 fxg5 25.hxg5 Be7 26.Kg2 h4 27.Nh1 h3+ 28.Kh2 Bxg5 29.f4 Bxf4+ 30.Rxf4 exf4
31.Qxd4 Qc7 32.Bc4 Ne5 33.Bxe6+ Rxe6 34.Kxh3 g5 35.Qd5 Re8 36.Rd2 Kg7 37.Nf2 Rh6+
38.Kg2 g4 39.Nd3  0-1

[Event "Open"]
[Site "Pula CRO"]
[Date "2000.05.17"]
[Round "2"]
[White "Zelcic,R"]
[Black "Jovanic,O"]
[Result "1-0"]
[WhiteElo "2529"]
[BlackElo "2332"]

1.e4 g6 2.d4 Bg7 3.Nc3 d6 4.Bc4 Nf6 5.Nf3 c6 6.e5 dxe5 7.Nxe5 O-O 8.O-O Nbd7
9.Bg5 Nb6 10.Bb3 Nfd5 11.Bd2 Nxc3 12.Bxc3 Qd6 13.Re1 Be6 14.Nd3 Bxb3 15.axb3 Nd5
16.Qf3 Nxc3 17.bxc3 a5 18.Ra2 b6 19.Qe3 Ra7 20.Ne5 Qc7 21.c4 Bxe5 22.dxe5 Rd8
23.e6 f6 24.h4 c5 25.Raa1 Raa8 26.Qf3 Kg7 27.h5 Rac8 28.Rad1 Rxd1 29.Rxd1 Rd8
30.h6+ Kf8 31.Rd5 Ke8 32.Qd3 Rd6 33.Qxg6+ hxg6 34.h7 Rxe6 35.h8=Q+ Kf7 36.Rd1 f5
37.Qh7+ Kf8 38.Rd8+ Qxd8 39.Qh8+ Kf7 40.Qxd8 Rd6 41.Qh8 Rf6 42.Kh2 Rd6 43.Kg3 Re6
44.f3 Re2 45.Qd8 Re6 46.Kf4 Kf6  1-0

[Event "Open"]
[Site "Pula CRO"]
[Date "2000.05.18"]
[Round "3"]
[White "Medak,B"]
[Black "Loncar,R"]
[Result "1-0"]
[WhiteElo "2253"]
[BlackElo "2406"]

1.e4 g6 2.d4 Bg7 3.Nc3 d6 4.h3 Nc6 5.Nf3 e6 6.Bg5 Nce7 7.Qd2 h6 8.Bf4 a6
9.a4 b6 10.Bd3 Bb7 11.O-O Nf6 12.Rfe1 Nd7 13.Rad1 g5 14.Bg3 Ng6 15.Qe3 Qe7
16.e5 d5 17.Ne2 c5 18.c4 O-O 19.cxd5 Bxd5 20.Be4 cxd4 21.Rxd4 Bxe4 22.Qxe4 Nc5
23.Qc6 Rab8 24.Nc3 Rfc8 25.Qd6 Qxd6 26.Rxd6 Bf8 27.Rd4 Ne7 28.h4 Nf5 29.Rg4 Be7
30.Nd4 Nd3 31.Re2 Nxb2 32.Nd5 Rc1+ 33.Kh2 Ba3 34.Nf6+ Kh8 35.hxg5 h5 36.Nxh5 Rd8
37.Nxf5 Rdd1 38.Bh4 exf5 39.Rf4 Rh1+ 40.Kg3 Rc4 41.Rd2 Rc3+ 42.Rf3 Rxf3+
43.gxf3 Rg1+ 44.Kh2 Rd1 45.Rc2 f4 46.g6 fxg6 47.Rc8+ Kh7 48.Nf6+ Kg7 49.Rc7+ Kf8
50.Bg5 Be7 51.Nh7+  1-0

[Event "Open"]
[Site "Pula CRO"]
[Date "2000.05.19"]
[Round "4"]
[White "Sevo,I"]
[Black "Loncar,R"]
[Result "0-1"]
[WhiteElo "2128"]
[BlackElo "2406"]

1.e4 d6 2.d4 g6 3.Nc3 Bg7 4.g3 Nc6 5.Be3 e5 6.d5 Nce7 7.Bg2 f5 8.Qd2 Nf6
9.Bh6 O-O 10.Bxg7 Kxg7 11.exf5 Bxf5 12.O-O-O Rb8 13.h3 b5 14.g4 b4 15.gxf5 bxc3
16.Qxc3 Nxf5 17.Ne2 Nd7 18.f4 Nc5 19.b3 Qf6 20.Rdf1 exf4 21.Rxf4 Qxc3 22.Nxc3 Ne3
23.Rxf8 Rxf8 24.Be4 Nxe4 25.Nxe4 Nxd5 26.c4 Nb4 27.a3 Nd3+ 28.Kd2 Nf2 29.Nxf2 Rxf2+
30.Kc3 a5 31.c5 dxc5 32.Kc4 Rf3 33.a4 h5 34.Rb1 Rxh3 35.Kxc5 Rh4 36.Kb5 Rf4
37.Kxa5 g5 38.b4 g4 39.b5 g3 40.Rc1 Rf6 41.Rxc7+ Kh6  0-1

[Event "Capablanca Mem Mixto"]
[Site "Varadero CUB"]
[Date "2000.05.19"]
[Round "10"]
[White "Fandino,R"]
[Black "Araque,R"]
[Result "1-0"]
[WhiteElo "2157"]
[BlackElo "2309"]

1.e4 g6 2.d4 Bg7 3.Nc3 d6 4.Be2 Nc6 5.Be3 e5 6.Nf3 Bg4 7.dxe5 Bxf3 8.Bxf3 Nxe5
9.Be2 Ne7 10.O-O O-O 11.f4 Nd7 12.f5 Nc6 13.Qd2 Nce5 14.Rf2 Nb6 15.Bg5 f6
16.Bf4 Re8 17.Raf1 c6 18.b3 Qe7 19.a4 Rad8 20.Qc1 gxf5 21.exf5 d5 22.Bh5 Rf8
23.Ne2 d4 24.a5 Nc8 25.Ng3 Rd5 26.Be2 Rxa5 27.Nh5 Rd8 28.Bh6 Bf8 29.Qf4 Kh8
30.Kh1 Rd6 31.Qc1 Rad5 32.Bxf8 Qxf8 33.Nf4 Ra5 34.Ne6 Qg8 35.Qh6 Nd7 36.Bc4 b5
37.Nf4 bxc4 38.Ng6+ Qxg6 39.fxg6 Nf8  1-0

[Event "Capablanca Mem Mixto"]
[Site "Varadero CUB"]
[Date "2000.05.20"]
[Round "11"]
[White "Delgado Crespo,M"]
[Black "Hernandez,T"]
[Result "1-0"]
[WhiteElo "2268"]
[BlackElo "2216"]

1.e4 d6 2.d4 g6 3.Nc3 Bg7 4.Nf3 Nf6 5.Be2 O-O 6.O-O c6 7.Re1 Qc7 8.e5 dxe5
9.Nxe5 Nfd7 10.Nxd7 Nxd7 11.Be3 Nb6 12.Ne4 f5 13.Nc5 f4 14.Bc1 Bf5 15.c3 Nd5
16.Bf3 Rad8 17.Ne6 Bxe6 18.Rxe6 Rf5 19.Qe2 Kf7 20.Bd2 Bf8 21.Re1 b5 22.b3 Rd6
23.c4 bxc4 24.bxc4 Nf6 25.Bb4 Rxd4 26.Bxe7 c5 27.Bxf8 Kxf8 28.Re8+ Nxe8 29.Qxe8+ Kg7
30.Re7+ Qxe7 31.Qxe7+ Kh6 32.h4  1-0

[Event "ch-TKM"]
[Site "Ashgabat TKM"]
[Date "2000.05.21"]
[Round "9"]
[White "Geldyev,G"]
[Black "Kakageldyev,A"]
[Result "1-0"]
[WhiteElo "2308"]
[BlackElo "2491"]

1.e4 g6 2.d4 Bg7 3.Nc3 d6 4.Be3 c6 5.Qd2 Nd7 6.Bd3 Ngf6 7.h3 O-O 8.Nf3 e5
9.O-O Re8 10.Rfe1 Qc7 11.a4 exd4 12.Nxd4 Nc5 13.Bh6 Bh8 14.Rad1 Bd7 15.Nf3 Rad8
16.Bf4 Bc8 17.Ng5 Ne6 18.Nxe6 Bxe6 19.Bf1 Qb6 20.Bxd6 Qxb2 21.e5 Nh5  1-0

[Event "Open"]
[Site "Pula CRO"]
[Date "2000.05.21"]
[Round "6"]
[White "Pavasovic,D"]
[Black "Mikac,M"]
[Result "0-1"]
[WhiteElo "2544"]
[BlackElo "2418"]

1.e4 g6 2.d4 Bg7 3.Nc3 d6 4.Be3 c6 5.Qd2 Nd7 6.Nf3 Qc7 7.Bd3 b5 8.a4 b4 9.Ne2 a5
10.c3 bxc3 11.bxc3 Ba6 12.Bxa6 Rxa6 13.O-O Ngf6 14.Ng3 Ng4 15.Bg5 h6 16.h3 hxg5
17.hxg4 Nf6 18.Qe2 Qc8 19.e5 dxe5 20.Nxe5 O-O 21.Rfe1 e6 22.Rab1 c5 23.dxc5 Nd5
24.Qc4 Ra7 25.Qd4 Qc7 26.c6 Ra6 27.c4 Nb4 28.Qc5 Rc8 29.Rbd1 Bxe5 30.Rxe5 Rxc6
31.Qe3 Rxc4 32.Qxg5 Rxg4 33.Qe3 Nd5 34.Qe2 Rxg3 35.Rexd5 exd5 36.fxg3 d4
37.Qg4 Qe5  0-1

[Event "It"]
[Site "Sisak CRO"]
[Date "2000.05.21"]
[Round "7"]
[White "Kos,T"]
[Black "Brigljevic,M"]
[Result "1-0"]
[WhiteElo "2300"]
[BlackElo "2278"]

1.e4 g6 2.d4 Bg7 3.Nc3 d6 4.Be2 c6 5.h4 h5 6.Nf3 Bg4 7.Be3 Nd7 8.Ng5 Bxe2
9.Qxe2 Ngf6 10.f3 Qa5 11.O-O-O O-O 12.Kb1 b5 13.Rdg1 e5 14.g4 b4 15.Nd1 d5
16.Qg2 dxe4 17.gxh5 exf3 18.Qh3 gxh5 19.Qf5 Qd5 20.Nh7 Qe6 21.Qg5 Ng4 22.Qxh5 Ndf6
23.Nxf6+ Nxf6 24.Rxg7+  1-0

[Event "zt3.2a"]
[Site "Vung Tau VIE"]
[Date "2000.05.21"]
[Round "1"]
[White "Jiravorasuk,B"]
[Black "Villamayor,B"]
[Result "1/2-1/2"]
[WhiteElo "2210"]
[BlackElo "2474"]

1.e4 g6 2.d4 Bg7 3.Nc3 d6 4.Be3 c6 5.Qd2 Nd7 6.Nge2 Ngf6 7.Bh6 Bxh6 8.Qxh6 e5
9.f3 Qe7 10.O-O-O Nf8 11.Kb1 Bd7 12.Qe3 b5 13.Nc1 Bc8 14.Nb3 b4 15.Na4 Ne6
16.dxe5 dxe5 17.Bc4 O-O 18.Rd2 Rd8 19.Rhd1 Rxd2 20.Qxd2 Rb8 21.Qd6 Qxd6 22.Rxd6 Ne8
23.Rd2 N8c7 24.Nac5 Rb6 25.Kc1 Kf8 26.Na5 Nxc5 27.Rd8+ Kg7 28.Rxc8 N5a6 29.Rd8 Nb8
30.Bb3 Kf6 31.Nc4 Ne6 32.Rh8 Rb7 33.Rxh7 Nf8 34.Rh8 Kg7 35.Rh4 Re7 36.Nd6 Na6
37.Rg4 Kf6 38.f4 Ne6 39.fxe5+ Kxe5 40.Nc4+ Kd4 41.e5+ Kd5 42.Na5+ Kc5 43.Ba4 Rc7
44.Rc4+ Kb6 45.Nxc6 Nd8 46.e6 Nxe6 47.Ne5 Nec5 48.Bb3 Re7 49.Nf3 Re2 50.Rg4 Nxb3+
51.axb3 Rf2 52.Ne5 Nc5 53.Rxb4+ Kc7 54.Rg4 Kd6 55.Nc4+ Ke6 56.b4 Nd7 57.Ne3 Ne5
58.Rg3 f5 59.Nd1 Re2 60.Nc3 Rf2 61.h3 Kf6 62.b3 Rf1+ 63.Kd2 f4 64.Ke2 Rc1
65.Nd5+ Kf5 66.Rc3 Rg1 67.Kf2 Rd1 68.Ne7+ Ke4 69.Nc6 Rd2+ 70.Kf1 f3 71.Nxe5 fxg2+
72.Kg1 Kxe5 73.Rg3 Rxc2 74.Rxg6 Rc3 75.Kxg2 Rxb3 76.Rg4 Kf5 77.Rc4 Kg5 78.h4+ Kh5
79.Kf2 Ra3 80.Ke2 Kh6 81.Kd2 a5 82.Rc6+ Kh7 83.b5 Rb3 84.Rc5 a4 85.Kc2 Kg7
86.h5 Kh6 87.Rd5 Kh7 88.Rd7+ Kh6 89.Rb7 Kxh5 90.b6 Kg6 91.Rb8 Kg7  1/2-1/2

[Event "Open"]
[Site "Pula CRO"]
[Date "2000.05.23"]
[Round "8"]
[White "Rogulj,B"]
[Black "Jovanic,O"]
[Result "1-0"]
[WhiteElo "2437"]
[BlackElo "2332"]

1.e4 g6 2.d4 Bg7 3.Nc3 d6 4.f4 Nf6 5.e5 Nfd7 6.Nf3 c5 7.exd6 O-O 8.Be3 exd6
9.Qd2 Nc6 10.O-O-O Qa5 11.g4 Re8 12.h3 Nf6 13.Bc4 d5 14.Nxd5 Qxd2+ 15.Bxd2 Nxd5
16.Bxd5 Nxd4 17.Ng5 Be6 18.Nxe6 fxe6 19.Bc4 b5 20.Bf1 c4 21.c3 Nc6 22.Bg2 Rac8
23.Be3 e5 24.Bd5+ Kh8 25.f5 e4 26.fxg6 hxg6 27.Bf7 Re7 28.Bxg6 b4 29.Kc2 b3+
30.axb3 cxb3+ 31.Kxb3 Ne5 32.Bf5 Rb8+ 33.Ka2 Nc4 34.Bc1 Re5 35.b4 a5 36.Kb3 Rc5
37.Rd8+ Rxd8 38.bxc5 Nd2+ 39.Bxd2 Rxd2 40.Bxe4 Re2 41.Bd5 Re3 42.Rc1 Rxh3
43.c6 Be5 44.Ka4 Kg7 45.Re1 Kf6 46.g5+ Kf5 47.c4 Rh7  1-0